000 00779nam a2200229 a 4500
001 000048423
005 20250130123310.0
008 190314s2018 dr 000 p spa d
020 _a9789945590746
040 _aDO-SdBNP
_bspa
_cBNPHU
082 _axxxx
_bC957c
100 1 _aCruz Gil, Daniela,
_d1984-
_986930
245 1 3 _aLa ciudad no será nuestra /
_cDaniela Cruz Gil.
260 _aSanto Domingo :
_bEdiciones Funglode,
_c2018.
300 _a76 p. ;
_c23 cm.
490 1 _aPremios Funglode de Poesía Pedro Mir 2017
500 _aIncluye datos sobre la autora.
586 _aPremios Funglode /GFDD 2017
590 _aInventariado, 2019/LP
710 2 2 _aFundación Global Democracía y Desarrollo
_925477
830 0 _aPremios Funglode de Poesía Pedro Mir 2017
_975837
999 _c47911
_d47911